| LEADER |
00705nam0a2200205 450 |
| 001 |
16828761 |
| 010 |
|
|
|a 978-2-8222-2133-7
|b rel.
|d 10,6
|
| 100 |
|
|
|a 20170913d2017 u u0frey01 ba
|
| 101 |
0 |
|
|a fre
|
| 102 |
|
|
|a BE
|
| 200 |
0 |
|
|a Cassandra prend son envol
|f [dessin de] Hélène Canac
|g [scénario d'] Isabelle Bottier
|
| 207 |
|
1 |
|a
|
| 210 |
|
|
|a [Bruxelles]
|c Jungle !
|d 2017
|
| 215 |
|
|
|a 1 vol. (50 p.)
|c ill. en coul.
|d 30 cm
|
| 225 |
1 |
|
|a Miss jungle !
|
| 700 |
|
0 |
|a Canac
|b Hélène
|4 440
|
| 702 |
|
0 |
|a Bottier
|b Isabelle
|f 1973-....
|4 70
|
| 900 |
|
|
|a Bande Dessinée enfant ado
|
| 901 |
|
|
|a Accessible au prêt
|
| 995 |
|
|
|a Bibliothèque
|c Bibliothèque
|f 024018333
|h 024018333
|k BD CAN
|o p
|q j
|r az
|e Bibliothèque
|